书目信息 |
| 书名: | Leaders | |
| 作者: | Richard Nixon. | |
| 分册号: | ||
| 分册名: | 出版地: | NEW YORK : |
|
| 出版社: | a Warner Communications Co | |
| 出版时间: | 1982. | |
| 页数: | 369 p. ; | |
| 开本: | 20cm. | |
| 丛书名: | ||
| 中图分类号: | ||
| 科图分类号: | ||
| 其他分类号: | D5 | |
| 主题词: | ||
| 电子资源: | ||
| 000 | 00384nam 2200145 a 4500 | |
| 001 | E0229412028 | |
| 005 | 2002052108101194 | |
| 008 | 020521s1982 00010 eng | |
| 020 | @a0-446-51249-4 :@cRMB 12.00. | |
| 040 | @aPFT@beng | |
| 090 | @aD5 | |
| 099 | @dD5@eN763 | |
| 245 | @aLeaders / @cRichard Nixon. | |
| 260 | @aNEW YORK :@ba Warner Communications Co.,@c1982. | |
| 300 | @a369 p. ;@c20cm. | |
| Leaders / / Richard Nixon.-NEW YORK : : a Warner Communications Co., , 1982. |
| 369 p. ; ; 20cm. |
| ISBN 0-446-51249-4 :RMB 12.00. |
| ● |
| 相关链接 |
|
|
|
正题名:Leaders
索取号:D5/N763
 
预约/预借
| 序号 | 登录号 | 条形码 | 馆藏地/架位号 | 状态 | 备注 |
| 1 | 03784 | 300037840 | 社科库509/509社科库 132排2列6层/ [索取号:D5/N763] | 在馆 |